Orígen y reflexiones hechas al gobierno y á las Córtes sobre la consignacion de tres millones quinientos mil reales asignada á ... Francisco de Paula y sus hijos habidos con S.A.R. la Infanta doña Carlota de Borbón, á fin de aclarar el modo de su aplicación entre los infantes sus hijos / (Record no. 154842)

MARC details
000 -LEADER
campo de control de longitud fija 01192nam a22002295i 4500
001 - NÚMERO DE CONTROL
campo de control 154842
003 - IDENTIFICADOR DE NÚMERO DE CONTROL
campo de control ES-MaACL
005 - FECHA Y HORA DE LA ÚLTIMA TRANSACCIÓN
campo de control 20250811030208.0
008 - DATOS DE LONGITUD FIJA--INFORMACIÓN GENERAL
campo de control de longitud fija 990205s1866 sp |||| | spa d
040 ## - FUENTE DE CATALOGACIÓN
Centro catalogador/agencia de origen CCPB | B
Lengua de catalogación spa
Centro/agencia transcriptor CCPB | B
100 1# - ENTRADA PRINCIPAL--NOMBRE DE PERSONA
Nombre de persona Güell y Renté, José (
Fechas asociadas al nombre 1818-1884)
9 (RLIN) 127739
245 10 - MENCIÓN DEL TÍTULO
Título Orígen y reflexiones hechas al gobierno y á las Córtes sobre la consignacion de tres millones quinientos mil reales asignada á ... Francisco de Paula y sus hijos habidos con S.A.R. la Infanta doña Carlota de Borbón, á fin de aclarar el modo de su aplicación entre los infantes sus hijos /
Mención de responsabilidad, etc. por José Güell y Renté.
260 ## - PUBLICACIÓN, DISTRIBUCIÓN, ETC.
Lugar de publicación, distribución, etc. Madrid :
Nombre del editor, distribuidor, etc. [s.n.],
Fecha de publicación, distribución, etc. 1866 (
Fabricante Imprenta de M. Tello)
300 ## - DESCRIPCIÓN FÍSICA
Extensión 40 p. ;
Dimensiones 21 cm.
530 ## - NOTA DISPONIBLE DE FORMULARIO FÍSICO ADICIONAL
Nota de formato físico adicional disponible Disponible en formato digital.
600 14 - PUNTO DE ACCESO ADICIONAL DE MATERIA--NOMBRE DE PERSONA
Nombre de persona Borbón, Francisco de Paula de,
Títulos y otros términos asociados al nombre Infante de España,
Fechas asociadas al nombre 1794-1865
9 (RLIN) 126077
610 17 - PUNTO DE ACCESO ADICIONAL DE MATERIA--NOMBRE DE ENTIDAD CORPORATIVA
Nombre de entidad corporativa o nombre de jurisdicción como elemento de entrada España.
Unidad subordinada Casa de Su Majestad el Rey
Fuente del encabezamiento o término
9 (RLIN) 158659
852 ## - LOCALIZACIÓN
Ubicación ES-MaACL
Número de control de estantería T-418-F-7
Nota libre -- Enc. hol., falto de la cub. original
-- -- Enc. en un vol. facticio
856 ## - LOCALIZACIÓN Y ACCESO ELECTRÓNICOS
Identificador Uniforme de Recursos <a href="http://bdh-rd.bne.es/viewer.vm?id=0000133062&page=1 ">http://bdh-rd.bne.es/viewer.vm?id=0000133062&page=1 </a>
Nota pública Biblioteca Digital Hispánica
942 ## - ELEMENTOS DE ENTRADA SECUNDARIOS (KOHA)
Fuente del sistema de clasificación o colocación Clasificación decimal universal
Holdings
Estatus retirado Estado de pérdida Estado de daño No para préstamo Colección Biblioteca de origen Biblioteca actual Ubicación en estantería Fecha de adquisición Total de préstamos Signatura topográfica completa Código de barras Visto por última vez Precio de reemplazo Tipo de ítem Koha
        Colección de folletos Biblioteca del Ateneo de Madrid Biblioteca del Ateneo de Madrid Depósito folletos 17/01/2008   T-418-F-7 1161965 23/02/2023 23/02/2023 Folleto